Charlotte's web (Record no. 246702)
[ view plain ]
| 000 -LEADER | |
|---|---|
| fixed length control field | 03221cgm a2200817Ia 4500 |
| 001 - CONTROL NUMBER | |
| control field | 48394195 |
| 005 - DATE AND TIME OF LATEST TRANSACTION | |
| control field | 20231030114634.0 |
| 007 - PHYSICAL DESCRIPTION FIXED FIELD--GENERAL INFORMATION | |
| fixed length control field | vd cvaizq |
| 008 - FIXED-LENGTH DATA ELEMENTS--GENERAL INFORMATION | |
| fixed length control field | 080730p20011973cau094 j vaeng d |
| 020 ## - INTERNATIONAL STANDARD BOOK NUMBER | |
| International Standard Book Number | 0792177517 |
| 020 ## - INTERNATIONAL STANDARD BOOK NUMBER | |
| International Standard Book Number | 9780792177517 |
| 024 10 - OTHER STANDARD IDENTIFIER | |
| Standard number or code | 097361568447 |
| 028 42 - PUBLISHER NUMBER | |
| Publisher number | 15684 |
| Source | Paramount |
| 035 ## - SYSTEM CONTROL NUMBER | |
| System control number | (OCoLC)ocm48394195 |
| 035 ## - SYSTEM CONTROL NUMBER | |
| System control number | (OCoLC)48394195 |
| 037 ## - SOURCE OF ACQUISITION | |
| Source of stock number/acquisition | Midwest Tapes |
| Note | http://www.midwesttapes.com |
| 040 ## - CATALOGING SOURCE | |
| Original cataloging agency | TDS |
| Transcribing agency | TDS |
| Modifying agency | JED |
| -- | KKS |
| -- | RCS |
| -- | OCL |
| -- | OCLCA |
| -- | OCLCQ |
| -- | WYU |
| Description conventions | rda |
| 041 1# - LANGUAGE CODE | |
| Language code of text/sound track or separate title | eng |
| Language code of summary or abstract/overprinted title or subtitle | fre |
| -- | eng |
| Language code of original and/or intermediate translations of text | eng |
| 050 #4 - LIBRARY OF CONGRESS CALL NUMBER | |
| Classification number | PN1997.5 |
| Item number | .C53 2001 |
| 082 04 - DEWEY DECIMAL CLASSIFICATION NUMBER | |
| Classification number | 791.43/72 |
| Edition number | 22 |
| 090 ## - LOCALLY ASSIGNED LC-TYPE CALL NUMBER (OCLC); LOCAL CALL NUMBER (OCLC) | |
| Classification number (OCLC) (R) ; Classification number, CALL (RLIN) (NR) | PN1997.5 .C437 2001 |
| 090 ## - LOCALLY ASSIGNED LC-TYPE CALL NUMBER (OCLC); LOCAL CALL NUMBER (OCLC) | |
| Classification number (OCLC) (R) ; Classification number, CALL (RLIN) (NR) | PN1997.5 |
| Local cutter number (OCLC) ; Book number/undivided call number, CALL (RLIN) | .C437 2001 |
| 092 ## - LOCALLY ASSIGNED DEWEY CALL NUMBER (OCLC) | |
| Classification number | dvd |
| 245 00 - TITLE STATEMENT | |
| Title | Charlotte's web |
| 250 ## - EDITION STATEMENT | |
| Edition statement | Full screen version. |
| 260 ## - PUBLICATION, DISTRIBUTION, ETC. (IMPRINT) | |
| Place of publication, distribution, etc | Hollywood, Calif. : |
| Name of publisher, distributor, etc | Paramount, |
| Date of publication, distribution, etc | [2001], c1973. |
| 264 ## - Production, Publication, Distribution, Manufacture, and Copyright Notice. | |
| Place of production, publication, distribution, manufacture | Hollywood, Calif. : |
| Name of producer, publisher, distributor, manufacturer | Paramount, |
| Date of production, publication, distribution, manufacture, or copyr | [2001], c1973. |
| 300 ## - PHYSICAL DESCRIPTION | |
| Extent | 1 videodisc (94 min.) : |
| Other physical details | sd., col. ; |
| Dimensions | 4 3/4 in. |
| 336 ## - Content Type | |
| Content type term | two-dimensional moving image |
| 337 ## - Media type | |
| Media type term | video |
| 338 ## - Carrier type | |
| Carrier type term | videodisc |
| 440 #0 - SERIES STATEMENT/ADDED ENTRY--TITLE | |
| Title | Full screen DVD collection. |
| 9 (RLIN) | 67659 |
| 500 ## - GENERAL NOTE | |
| General note | Originally released as a motion picture in 1972. |
| 500 ## - GENERAL NOTE | |
| General note | Based on the novel by E.B. White. |
| 500 ## - GENERAL NOTE | |
| General note | Special features: theatrical trailer; "Meet the animals" set-top guessing game. |
| 506 ## - RESTRICTIONS ON ACCESS NOTE | |
| Terms governing access | Educational and home use only. |
| 508 ## - CREATION/PRODUCTION CREDITS NOTE | |
| Creation/production credits note | Cinematography, Dick Blundell ... [et al.] ; editor, Larry C. Cowan ; music & lyrics by Richard M. Sherman, Robert B. Sherman. |
| 511 0# - PARTICIPANT OR PERFORMER NOTE | |
| Participant or performer note | Voices: Debbie Reynolds, Paul Lynde, Henry Gibson. |
| 520 ## - SUMMARY, ETC. | |
| Summary, etc | Charlotte the spider teaches Wilbur the pig, Templeton the rat and the other barnyard animals lessons on friendship, trust and love. |
| 538 ## - SYSTEM DETAILS NOTE | |
| System details note | DVD; Dolby Digital. |
| 546 ## - LANGUAGE NOTE | |
| Language note | English or French language soundtracks, English subtitles; closed-captioned. |
| 546 ## - LANGUAGE NOTE | |
| Language note | Closed captioning in English. |
| 650 #0 - SUBJECT ADDED ENTRY--TOPICAL TERM | |
| Topical term or geographic name as entry element | Swine |
| Form subdivision | Juvenile drama. |
| 9 (RLIN) | 5752291 |
| 650 #0 - SUBJECT ADDED ENTRY--TOPICAL TERM | |
| Topical term or geographic name as entry element | Spiders |
| Form subdivision | Juvenile drama. |
| 9 (RLIN) | 5714188 |
| 650 #0 - SUBJECT ADDED ENTRY--TOPICAL TERM | |
| Topical term or geographic name as entry element | Friendship |
| Form subdivision | Juvenile drama. |
| 9 (RLIN) | 5675764 |
| 650 #1 - SUBJECT ADDED ENTRY--TOPICAL TERM | |
| Topical term or geographic name as entry element | Pigs |
| Form subdivision | Drama. |
| 9 (RLIN) | 5752292 |
| 650 #1 - SUBJECT ADDED ENTRY--TOPICAL TERM | |
| Topical term or geographic name as entry element | Spiders |
| Form subdivision | Drama. |
| 9 (RLIN) | 5752293 |
| 650 #1 - SUBJECT ADDED ENTRY--TOPICAL TERM | |
| Topical term or geographic name as entry element | Friendship |
| Form subdivision | Drama. |
| 9 (RLIN) | 5682261 |
| 655 #0 - INDEX TERM--GENRE/FORM | |
| Genre/form data or focus term | Feature films. |
| 9 (RLIN) | 102699 |
| 655 #0 - INDEX TERM--GENRE/FORM | |
| Genre/form data or focus term | Animated films. |
| 9 (RLIN) | 102635 |
| 655 #0 - INDEX TERM--GENRE/FORM | |
| Genre/form data or focus term | Children's films. |
| 9 (RLIN) | 5674336 |
| 655 #0 - INDEX TERM--GENRE/FORM | |
| Genre/form data or focus term | Video recordings for the hearing impaired. |
| 9 (RLIN) | 5789337 |
| 700 1# - ADDED ENTRY--PERSONAL NAME | |
| Personal name | Hanna, William, |
| Dates associated with a name | 1910-2001. |
| 9 (RLIN) | 31919 |
| 700 1# - ADDED ENTRY--PERSONAL NAME | |
| Personal name | Barbera, Joseph. |
| 9 (RLIN) | 31918 |
| 700 1# - ADDED ENTRY--PERSONAL NAME | |
| Personal name | Hamner, Earl, |
| Titles and other words associated with a name | Jr. |
| 9 (RLIN) | 5752295 |
| 700 1# - ADDED ENTRY--PERSONAL NAME | |
| Personal name | Nichols, Charles A. |
| 9 (RLIN) | 5752296 |
| 700 1# - ADDED ENTRY--PERSONAL NAME | |
| Personal name | Takamoto, Iwao. |
| 9 (RLIN) | 44306 |
| 700 1# - ADDED ENTRY--PERSONAL NAME | |
| Personal name | Reynolds, Debbie. |
| 9 (RLIN) | 21912 |
| 700 1# - ADDED ENTRY--PERSONAL NAME | |
| Personal name | Lynde, Paul. |
| 9 (RLIN) | 39001 |
| 700 1# - ADDED ENTRY--PERSONAL NAME | |
| Personal name | Gibson, Henry. |
| 9 (RLIN) | 25067 |
| 700 1# - ADDED ENTRY--PERSONAL NAME | |
| Personal name | Blundell, Dick. |
| 9 (RLIN) | 5752297 |
| 700 1# - ADDED ENTRY--PERSONAL NAME | |
| Personal name | Cowan, Larry C. |
| 9 (RLIN) | 5752298 |
| 700 1# - ADDED ENTRY--PERSONAL NAME | |
| Personal name | Sherman, Richard M., |
| Dates associated with a name | 1928- |
| 9 (RLIN) | 33038 |
| 700 1# - ADDED ENTRY--PERSONAL NAME | |
| Personal name | Sherman, Robert B. |
| 9 (RLIN) | 33049 |
| 700 1# - ADDED ENTRY--PERSONAL NAME | |
| Personal name | White, E. B. |
| Fuller form of name | (Elwyn Brooks), |
| Dates associated with a name | 1899-1985. |
| Title of a work | Charlotte's web. |
| 9 (RLIN) | 5719274 |
| 710 2# - ADDED ENTRY--CORPORATE NAME | |
| Corporate name or jurisdiction name as entry element | Paramount Pictures Corporation (1914-1927) |
| 9 (RLIN) | 5682264 |
| 710 2# - ADDED ENTRY--CORPORATE NAME | |
| Corporate name or jurisdiction name as entry element | Hanna-Barbera Productions. |
| 9 (RLIN) | 3124 |
| 710 2# - ADDED ENTRY--CORPORATE NAME | |
| Corporate name or jurisdiction name as entry element | Sagittarius Productions (Firm) |
| 9 (RLIN) | 5752299 |
| 907 ## - LOCAL DATA ELEMENT G, LDG (RLIN) | |
| a | .b281991510 |
| 942 ## - ADDED ENTRY ELEMENTS (KOHA) | |
| Source of classification or shelving scheme | Dewey Decimal Classification |
| Koha item type | DVD |
| Withdrawn status | Lost status | Source of classification or shelving scheme | Damaged status | Not for loan | Collection code | Home library | Current library | Shelving location | Date acquired | Source of acquisition | Cost, normal purchase price | Total Checkouts | Total Renewals | Full call number | Barcode | Checked out | Date last seen | Date checked out | Cost, replacement price | Price effective from | Koha item type |
|---|---|---|---|---|---|---|---|---|---|---|---|---|---|---|---|---|---|---|---|---|---|
| Long Overdue (Lost) | Dewey Decimal Classification | Children Movies | Wasatch County Library | Wasatch County Library | Audio Visual Area | 02/22/2018 | Donation | 25.00 | 49 | 23 | E DVD Cha | 34301001606187 | 10/14/2025 | 09/22/2025 | 09/22/2025 | 25.00 | 03/20/2020 | DVD | |||
| Dewey Decimal Classification | Children Movies | Wasatch County Library | Wasatch County Library | Audio Visual Area | 07/17/2012 | 25.00 | 141 | 29 | E DVD Cha | 34301001611963 | 03/16/2026 | 02/24/2026 | 02/24/2026 | 25.00 | 03/20/2020 | DVD |
